1445 1885 1519 1279 1035 1795 1374 1139 1776 1469 1993 1564 1464 1712 1433 1987 1525 1798 1039 1127 1900 1636 1170 1044 1774 1649 1557 1692 1390 1489 1550 1701 1347 1118 1576 1461 1168 1749 1871 1284 1306 1411 1144 1884 1507 1357 1849 1132 1556 1583 1497 1607 1139 1003 1149 1655 1219 1319 1168 1899 1576 1732 1313 1621 1116 1001 1246 1278 1965 1396 1569 1569 1115 1152 1091 1959 1307 1091 1555 1491 1915 1284 1100 1548 1845 1178 1995 1202 1636 1393 1406 1393 1041 1334 1196 1267 1317 1272 1114 BCNSPRNW ULIB Ver.6.0+V

เปลี่ยนเป็นภาษาไทย

Change to English
 แสดงรายละเอียดบรรณานุกรม
  กลับหน้าหลัก

Brief Record : Get Marc (ISO 2709) : E-mail record : QR code < ปิดหน้าต่าง
LEADER : 00000nam 2200000uu 4500
001    13399121978
003     ULIB
008    121218s2551||||th 000 0 tha d
020    ^a9789741391967
060  4 ^aWG340^bน674ส 2551
245 00 ^aสังเคราะห์ความรู้ความดันโลหิตสูง :^bฉบับรู้ทันผู้ป่วย /^cบรรณาธิการ นิวัต อุณฑพันธุ์ ... [และคนอื่น ๆ]
246 14 ^aสังเคราะห์องค์ความรู้ความดันโลหิตสูง ฉบับ--รู้ทันผู้ป่วย
250    ^aพิมพ์ครั้งที่ 1.
260    ^aนครราชสีมา :^bชมรมพยาบาลชุมชนแห่งประเทศไทย,^c2551.
300    ^a64 หน้า :^bภาพประกอบ
500    ^a"รวมข้อค้นพบจากงานวิจัยเรื่องจริงจากความรู้สึกของผู้ป่วยที่มีต่อระบบบริการสุขภาพ"
650  7 ^aความดันเลือดสูง^xการรักษาด้วยยา
650  7 ^aความดันเลือดสูง^xผู้ป่วย^xโภชนาการ
650  7 ^aความดันเลือดสูง
700 0  ^aนิวัต อุณฑพันธุ์,^eบรรณาธิการ
710 2  ^aสำนักงานกองทุนสนับสนุนการสร้างเสริมสุขภาพ
945    ^p100^l0^i15216
999    ^aกัณชพร
รายการนี้ยังไม่มีแท็ก
คุณยังไม่ได้ล็อกอิน คุณสามารถมีกิจกรรมร่วมกับเว็บไซต์ได้ แต่ต้องล็อกอินก่อน ::
  ล็อกอิน

รายการสื่อสารสนเทศ

ลำดับที่ ประเภท เลขเรียก/บาร์โค้ด สถานที่ สถานะ
1. วิทยาศาสตร์การแพทย์ และสุขภาพ
วิทยาศาสตร์การแพทย์ และสุขภาพ
WG340 น674ส 2551  
  Barcode: 15216
ห้องสมุดวิทยาเขตสวรรค์ประชารักษ์
►ส่วนจัดเก็บหนังสือเก่า สปร
บนชั้น
  ขอยืม

รายการใกล้เคียง
    หัวเรื่อง [ความดันเลือดสูง]

BibComment


ยังไม่เคยถูกคอมเมนท์

คอมเมนท์ทรัพยากรรายการนี้
  คอมเมนท์: สังเคราะห์ความรู..


 Copyright 2026. Bcnsprnw @Library